[Event "XXXIV Festival Conca della Presolana Magistrale"]
[Site "Bratto - Castione della Presolana ITA"]
[Date "2014.08.24"]
[Round "3"]
[White "Lavorgna, Giovanni"]
[Black "Aghayev, Miragha"]
[WhiteElo "1962"]
[BlackElo "2357"]
[Result "0-1"]
[PlyCount "64"]
[EventDate "2014.08.22"]

1. Nf3 c5 2. c4 Nf6 3. Nc3 d5 4. cxd5 Nxd5 5. Nxd5 Qxd5 6. g3 Nc6 7. Bg2 e5 8.
O-O Be7 9. d3 O-O 10. Be3 Qe6 11. a3 Bd7 12. Rc1 b6 13. Ng5 Bxg5 14. Bxg5 Rac8
15. f4 f6 16. Bh4 Qd6 17. e3 Ne7 18. g4 exf4 19. exf4 Bc6 20. Be4 Qd4+ 21. Bf2
Qxb2 22. Qf3 Qb3 23. Rfe1 f5 24. gxf5 Bxe4 25. Qxe4 Nxf5 26. Rc4 Kh8 27. Qe6
Qxd3 28. Rce4 h6 29. Qg6 c4 30. Re5 Nd4 31. Qxd3 cxd3 32. Bxd4 d2 0-1

[Event "XXXIV Festival Conca della Presolana Magistrale"]
[Site "Bratto - Castione della Presolana ITA"]
[Date "2014.08.24"]
[Round "3"]
[White "Magrini, Fabrizio"]
[Black "Garofalo, Pietro"]
[WhiteElo "2198"]
[BlackElo "2073"]
[Result "1-0"]
[PlyCount "91"]
[EventDate "2014.08.22"]

1. e4 e6 2. d4 d5 3. Nc3 Bb4 4. e5 c5 5. a3 Bxc3+ 6. bxc3 Ne7 7. Qg4 O-O 8. Bd3
f5 9. exf6 Rxf6 10. Qh5 g6 11. Qd1 Nbc6 12. Nf3 Qa5 13. Bd2 Qa4 14. Bg5 Rf7 15.
O-O Nf5 16. dxc5 Qa5 17. Bd2 Qxc5 18. Re1 Nh4 19. Re3 Nxf3+ 20. Rxf3 Rxf3 21.
Qxf3 e5 22. Be3 Qd6 23. Qg3 Bd7 24. Rb1 b6 25. h4 Rf8 26. Rd1 Qe6 27. Bb5 Nb8
28. Be2 Nc6 29. Bh6 Re8 30. Qd3 Ne7 31. Bg5 Bc6 32. Qa6 Nc8 33. c4 d4 34. c5
bxc5 35. Rb1 Kg7 36. Bc4 Qd7 37. Bb5 Re6 38. Bxc6 Qxc6 39. Rb7+ Kg8 40. Qc4 Nb6
41. Rb8+ Nc8 42. a4 Kf7 43. a5 Nd6 44. Rf8+ Kg7 45. Qxe6 Kxf8 46. Bh6# 1-0

[Event "XXXIV Festival Conca della Presolana Magistrale"]
[Site "Bratto - Castione della Presolana ITA"]
[Date "2014.08.24"]
[Round "3"]
[White "Qendro, Llambi"]
[Black "Gleizerov, Evgeny"]
[WhiteElo "2330"]
[BlackElo "2552"]
[Result "1-0"]
[PlyCount "105"]
[EventDate "2014.08.22"]

1. d4 e6 2. c4 f5 3. Nf3 Nf6 4. g3 d5 5. Bg2 Be7 6. O-O O-O 7. b3 b6 8. Ba3 Bb7
9. Ne5 Bxa3 10. Nxa3 Qe7 11. Nc2 c5 12. Qc1 Nbd7 13. cxd5 exd5 14. Nxd7 Qxd7
15. dxc5 bxc5 16. Qa3 Qb5 17. Ne3 Ne4 18. Rac1 d4 19. Bxe4 fxe4 20. Nc4 e3 21.
f3 Rf6 22. Qa5 a6 23. Qc7 Rc8 24. Qe5 Re8 25. Qc7 d3 26. Nd6 Rxd6 27. Qxd6 d2
28. Rc4 Qc6 29. Qd3 Qc7 30. Qc2 Qd7 31. Rxc5 Bxf3 32. Rc7 Qd4 33. Rc8 Bh5 34.
Qc6 h6 35. Rxe8+ Bxe8 36. Qxe8+ Kh7 37. Rd1 Qc5 38. Qe4+ Kh8 39. Rf1 Qd6 40.
Qe8+ Kh7 41. Qe4+ Kh8 42. Qc2 a5 43. a3 Kg8 44. b4 axb4 45. axb4 Qd5 46. Qb1 h5
47. b5 h4 48. gxh4 Qc4 49. b6 Qxh4 50. Qb3+ Kh8 51. Rf8+ Kh7 52. Qd3+ g6 53.
Qd7+ 1-0

[Event "XXXIV Festival Conca della Presolana Magistrale"]
[Site "Bratto - Castione della Presolana ITA"]
[Date "2014.08.24"]
[Round "3"]
[White "Ricci, Marco"]
[Black "Cugini, Verter"]
[WhiteElo "2061"]
[BlackElo "2079"]
[Result "1-0"]
[PlyCount "147"]
[EventDate "2014.08.22"]

1. e4 e6 2. d4 d5 3. Nd2 Nf6 4. e5 Ne4 5. Nxe4 dxe4 6. Be3 c5 7. dxc5 Nd7 8.
Qg4 Nxc5 9. Bb5+ Nd7 10. Ne2 Qa5+ 11. Nc3 a6 12. Be2 Bb4 13. Bd4 O-O 14. Qxe4
Nc5 15. Qe3 Na4 16. O-O Nxc3 17. bxc3 Be7 18. Bd3 Bd7 19. Qe4 g6 20. Qxb7 Qd5
21. Be4 Qxb7 22. Bxb7 Rab8 23. Bxa6 Ba3 24. Rab1 Ba4 25. Bd3 Rfd8 26. f4 Bc6
27. Be3 Ra8 28. Bc4 Be4 29. Bb3 Rac8 30. c4 Rd7 31. Rbd1 Rcd8 32. Rxd7 Rxd7 33.
Kf2 Kf8 34. Rb1 Kg7 35. g3 h6 36. Ke2 Bf5 37. Ba4 Rc7 38. Bb3 Rd7 39. Ba4 Rc7
40. c5 Bxc5 41. Bxc5 Rxc5 42. Ke3 g5 43. Rf1 Kf8 44. Bb3 Ke7 45. Kd4 Ra5 46. c4
Kd7 47. Kc3 Kc6 48. Kb4 Kb6 49. Rd1 Ra7 50. Rd6+ Kc7 51. Ba4 Kc8 52. a3 Be4 53.
Bc6 Bxc6 54. Rxc6+ Kb7 55. Rd6 Kc7 56. fxg5 hxg5 57. Rd4 Rb7+ 58. Kc5 Rb3 59.
Rg4 Rxa3 60. Rxg5 Ra5+ 61. Kd4 Kd7 62. h4 Ra1 63. h5 Ke7 64. g4 Kf8 65. h6 Rh1
66. Rh5 Rd1+ 67. Kc5 Kg8 68. h7+ Kh8 69. Kc6 Rd4 70. c5 Rxg4 71. Kb7 Rb4+ 72.
Kc7 Rb5 73. c6 f5 74. Kd6 1-0

[Event "XXXIV Festival Conca della Presolana Magistrale"]
[Site "Bratto - Castione della Presolana ITA"]
[Date "2014.08.24"]
[Round "3"]
[White "Roeder, Matthias"]
[Black "Franciosi, Fausto"]
[WhiteElo "2422"]
[BlackElo "2101"]
[Result "1/2-1/2"]
[PlyCount "73"]
[EventDate "2014.08.22"]

1. Nf3 Nf6 2. c4 g6 3. Nc3 Bg7 4. e4 d6 5. d4 O-O 6. h3 e5 7. d5 a5 8. Bg5 Na6
9. Nd2 Qe8 10. Be2 Nd7 11. a3 Nb6 12. b3 f6 13. Bh4 f5 14. Qc2 Nc5 15. O-O Bh6
16. Rab1 g5 17. Bg3 g4 18. hxg4 fxg4 19. b4 axb4 20. axb4 Nca4 21. Nb5 Qh5 22.
Nxc7 Bf4 23. Nxa8 Rf6 24. Bxf4 exf4 25. Rb3 f3 26. Rxf3 gxf3 27. Bxf3 Bg4 28.
Bxg4 Qxg4 29. Nxb6 Rg6 30. g3 Qh3 31. Qxa4 Rxg3+ 32. fxg3 Qxg3+ 33. Kh1 Qh3+
34. Kg1 Qg3+ 35. Kh1 Qh3+ 36. Kg1 Qg3+ 37. Kh1 1/2-1/2

[Event "XXXIV Festival Conca della Presolana Magistrale"]
[Site "Bratto - Castione della Presolana ITA"]
[Date "2014.08.24"]
[Round "3"]
[White "Sharma, Dinesh K."]
[Black "Pitzanti, Matteo"]
[WhiteElo "2359"]
[BlackElo "1967"]
[Result "1/2-1/2"]
[PlyCount "113"]
[EventDate "2014.08.22"]

1. Nf3 d5 2. d4 Nf6 3. c4 e6 4. Nc3 Be7 5. Bf4 Nbd7 6. e3 c6 7. Bd3 dxc4 8.
Bxc4 b5 9. Bd3 Bb7 10. O-O O-O 11. Rc1 a6 12. a4 Rc8 13. Qe2 b4 14. Ne4 Nxe4
15. Bxe4 Nf6 16. Bd3 Qb6 17. e4 c5 18. dxc5 Bxc5 19. e5 Bxf3 20. Qxf3 Nd5 21.
Bg5 Bd4 22. Qe2 b3 23. Rcd1 g6 24. Rd2 Rc6 25. g3 Rfc8 26. Kg2 Nb4 27. Be4 Rc4
28. Rfd1 Qc5 29. Bf6 Nc6 30. Kh3 Bxe5 31. Bxe5 Nxe5 32. Bb7 Rc7 33. Rd8+ Kg7
34. Bd5 exd5 35. Qxe5+ Kh6 36. R8xd5 Qe7 37. Qxe7 Rxe7 38. R5d3 Rb7 39. Kg2
Rxa4 40. Kf3 Ra2 41. Rb1 a5 42. Rc3 a4 43. Ke3 a3 44. bxa3 Rxa3 45. Kf3 Rb5 46.
Kg2 Kg7 47. h4 h5 48. Re3 f5 49. Rb2 Kf6 50. Rb1 g5 51. hxg5+ Kxg5 52. Rb2 f4
53. gxf4+ Kxf4 54. Kh3 Kg5 55. Rg3+ Kf5 56. Re3 Rb4 57. Rb1 1/2-1/2

[Event "XXXIV Festival Conca della Presolana Magistrale"]
[Site "Bratto - Castione della Presolana ITA"]
[Date "2014.08.24"]
[Round "3"]
[White "Steingrimsson, Hedinn"]
[Black "Locatelli, Andrea"]
[WhiteElo "2536"]
[BlackElo "2138"]
[Result "1-0"]
[PlyCount "71"]
[EventDate "2014.08.22"]

1. d4 Nf6 2. c4 g6 3. Nc3 Bg7 4. e4 O-O 5. Be2 d6 6. Nf3 e5 7. O-O Nc6 8. d5
Ne7 9. b4 a5 10. Ba3 Nh5 11. Re1 Nf4 12. Bf1 b6 13. bxa5 f5 14. Nd2 fxe4 15.
Ndxe4 Nf5 16. Nb5 Rxa5 17. Bb4 Ra8 18. g3 Nh5 19. a4 Nf6 20. a5 Nxe4 21. Rxe4
bxa5 22. Rxa5 Rxa5 23. Bxa5 Rf7 24. c5 Nd4 25. Nxd6 Rxf2 26. Nxc8 Qxc8 27. Kxf2
Qf8+ 28. Ke3 Bh6+ 29. Kd3 Nb3 30. Kc3 Nd2 31. Re1 Qf2 32. Kb4 Bf8 33. Ka4 Nf3
34. d6 Qa2+ 35. Kb5 cxd6 36. Bc4+ 1-0

[Event "XXXIV Festival Conca della Presolana Magistrale"]
[Site "Bratto - Castione della Presolana ITA"]
[Date "2014.08.24"]
[Round "3"]
[White "Stopa, Jacek"]
[Black "Ranieri, Fabrizio"]
[WhiteElo "2498"]
[BlackElo "2247"]
[Result "1-0"]
[PlyCount "71"]
[EventDate "2014.08.22"]

1. f4 e6 2. Nf3 d5 3. g3 Nf6 4. Bg2 Be7 5. O-O O-O 6. d3 c5 7. Nc3 Nc6 8. e4 a6
9. Ne5 Qc7 10. Nxc6 bxc6 11. b3 a5 12. Na4 Ba6 13. c4 Rfd8 14. Qf3 Bc8 15. Bb2
Ne8 16. Kh1 Qa7 17. Rae1 Nc7 18. Bc3 Rb8 19. g4 Na8 20. Be5 Rb7 21. exd5 cxd5
22. f5 Bf8 23. Nc3 Rbd7 24. fxe6 fxe6 25. Bg3 Bb7 26. Bh4 dxc4 27. Ne4 Bxe4 28.
Qxe4 Re8 29. dxc4 Nb6 30. Qc6 Bd6 31. Rd1 Rc8 32. Qe4 Re8 33. Rd3 Qc7 34. Rh3
g6 35. Bf6 Rf7 36. Qxg6+ 1-0

[Event "XXXIV Festival Conca della Presolana Magistrale"]
[Site "Bratto - Castione della Presolana ITA"]
[Date "2014.08.24"]
[Round "3"]
[White "Sulava, Nenad"]
[Black "Gilevych, Artem"]
[WhiteElo "2462"]
[BlackElo "2362"]
[Result "1/2-1/2"]
[PlyCount "89"]
[EventDate "2014.08.22"]

1. d4 d5 2. c4 c6 3. Nf3 Nf6 4. Nc3 e6 5. g3 Nbd7 6. Bg2 Be7 7. O-O O-O 8. b3
b6 9. Qc2 Bb7 10. Rd1 Rc8 11. e4 dxe4 12. Ne5 Qc7 13. Bf4 Nxe5 14. Bxe5 Bd6 15.
Bxd6 Qxd6 16. Nxe4 Nxe4 17. Bxe4 h6 18. c5 Qe7 19. a4 Rc7 20. b4 Rd8 21. Ra3
Ba6 22. Rc3 b5 23. Qe2 Bb7 24. Bc2 a6 25. h4 Rcd7 26. Qe4 f5 27. Qe3 Qf6 28.
Rcd3 Kf8 29. Bb3 Re7 30. Re1 Bc8 31. Qd2 g5 32. h5 Bd7 33. Rde3 Be8 34. Re5
Bxh5 35. axb5 axb5 36. Bxe6 Bf7 37. Rxf5 Qxd4 38. Qa2 Qd2 39. Qa1 Qd4 40. Qa2
Qd2 41. Re3 Qxa2 42. Bxa2 Rdd7 43. Be6 Ra7 44. Kg2 Kg7 45. Rfe5 1/2-1/2

[Event "XXXIV Festival Conca della Presolana Magistrale"]
[Site "Bratto - Castione della Presolana ITA"]
[Date "2014.08.24"]
[Round "3"]
[White "Sveshnikov, Vladimir"]
[Black "Ceccarini, Marco"]
[WhiteElo "2380"]
[BlackElo "2094"]
[Result "1-0"]
[PlyCount "55"]
[EventDate "2014.08.22"]

1. d4 f5 2. Nc3 Nf6 3. Bg5 d5 4. e3 e6 5. Nf3 Be7 6. Bd3 O-O 7. O-O c5 8. dxc5
Bxc5 9. Na4 Be7 10. c4 Nc6 11. Nc3 d4 12. exd4 Nxd4 13. Re1 Nxf3+ 14. Qxf3 Qb6
15. Rab1 Bb4 16. Be3 Qd6 17. Bf4 Qb6 18. Bf1 Ne4 19. Nxe4 Bxe1 20. Rxe1 fxe4
21. Qxe4 Qc6 22. Qe3 Bd7 23. Bd3 Rf7 24. Be5 Raf8 25. Qh3 h6 26. Qg3 Qc5 27.
Re3 Rxf2 28. Qxg7# 1-0

[Event "XXXIV Festival Conca della Presolana Magistrale"]
[Site "Bratto - Castione della Presolana ITA"]
[Date "2014.08.24"]
[Round "3"]
[White "Ulybin, Mikhail"]
[Black "Cebalo, Miso"]
[WhiteElo "2501"]
[BlackElo "2401"]
[Result "1/2-1/2"]
[PlyCount "65"]
[EventDate "2014.08.22"]

1. e4 c5 2. Nf3 d6 3. Bb5+ Nd7 4. d4 Ngf6 5. Nc3 cxd4 6. Qxd4 e5 7. Qd3 h6 8.
a4 Be7 9. Be3 O-O 10. O-O a6 11. Bc4 Nb6 12. Bb3 Be6 13. Nh4 Rc8 14. Nf5 Bxf5
15. exf5 Qc7 16. Bxb6 Qxb6 17. Rad1 Rc5 18. Ne4 Nxe4 19. Qxe4 Bf6 20. Rd2 Rfc8
21. Rfd1 R8c6 22. h4 Qc7 23. g3 Rb6 24. Rd5 Kf8 25. Kh2 a5 26. Kh3 Rb4 27. Qe2
Rxd5 28. Rxd5 Qc6 29. Qd1 Rd4 30. Rxd4 exd4 31. f3 b5 32. axb5 Qxb5 33. Qd3
1/2-1/2

[Event "XXXIV Festival Conca della Presolana Magistrale"]
[Site "Bratto - Castione della Presolana ITA"]
[Date "2014.08.24"]
[Round "3"]
[White "Valenti, Giuseppe"]
[Black "Podini, Francesco"]
[WhiteElo "2153"]
[BlackElo "2031"]
[Result "1-0"]
[PlyCount "43"]
[EventDate "2014.08.22"]

1. e4 c5 2. Nf3 e6 3. d4 cxd4 4. Nxd4 Nf6 5. Nc3 d6 6. Be2 a6 7. O-O Be7 8. Kh1
O-O 9. f4 Qc7 10. Be3 Nc6 11. Qe1 Bd7 12. Qg3 Nxd4 13. Bxd4 Bc6 14. Rad1 b5 15.
a3 Qb7 16. Bd3 Rad8 17. Qh3 g6 18. Rfe1 a5 19. Re3 b4 20. axb4 axb4 21. Ne2
Nxe4 22. Qxh7+ 1-0

[Event "XXXIV Festival Conca della Presolana Magistrale"]
[Site "Bratto - Castione della Presolana ITA"]
[Date "2014.08.25"]
[Round "4"]
[White "Aghayev, Miragha"]
[Black "Sulava, Nenad"]
[WhiteElo "2357"]
[BlackElo "2462"]
[Result "1-0"]
[PlyCount "101"]
[EventDate "2014.08.22"]

1. e4 c5 2. Nf3 e6 3. d4 cxd4 4. Nxd4 a6 5. Bd3 d6 6. O-O Nd7 7. c4 Ne5 8. Be2
Nf6 9. Nc3 Be7 10. Be3 O-O 11. Rc1 Re8 12. h3 Bf8 13. Nf3 Ng6 14. Qb3 Qc7 15.
Rfd1 Bd7 16. Bb6 Qb8 17. Qc2 Rc8 18. Qb1 Be8 19. b4 Nd7 20. Bd4 b6 21. a3 Qc7
22. Qb2 Rab8 23. Bf1 Qb7 24. Re1 Rc7 25. Nb1 Rbc8 26. Nbd2 Ne7 27. e5 d5 28.
cxd5 Nxd5 29. Rxc7 Rxc7 30. Rc1 Rxc1 31. Qxc1 Nb8 32. Bb2 Nf4 33. Nd4 Ng6 34.
Nc4 Qc7 35. Qe3 b5 36. Nd6 Bxd6 37. exd6 Qxd6 38. Nf5 exf5 39. Qxe8+ Qf8 40.
Qe3 Nd7 41. Qd3 Qe7 42. Qxf5 Ndf8 43. Qc8 Qd6 44. g3 h5 45. h4 Ne7 46. Qc2 Nd7
47. Qe4 Nf6 48. Qa8+ Kh7 49. Qf3 Ned5 50. Bd3+ Kg8 51. Bxf6 1-0

[Event "XXXIV Festival Conca della Presolana Magistrale"]
[Site "Bratto - Castione della Presolana ITA"]
[Date "2014.08.25"]
[Round "4"]
[White "Bresciani, Nicola"]
[Black "Magrini, Fabrizio"]
[WhiteElo "2226"]
[BlackElo "2198"]
[Result "1/2-1/2"]
[PlyCount "81"]
[EventDate "2014.08.22"]

1. e4 c5 2. Nf3 d6 3. d4 cxd4 4. Nxd4 Nf6 5. Nc3 a6 6. Be2 e5 7. Nb3 Be7 8. Bg5
O-O 9. Bxf6 Bxf6 10. Nd5 Bg5 11. Qd3 Be6 12. Rd1 Nc6 13. c3 b5 14. h3 f5 15.
Bf3 g6 16. exf5 gxf5 17. Nf6+ Qxf6 18. Bxc6 Rad8 19. Bd5 Kh8 20. Bxe6 Qxe6 21.
Qd5 Qg6 22. h4 Bh6 23. Kf1 Rg8 24. h5 Qg4 25. Rd3 Bf4 26. g3 e4 27. Rh4 Qg5 28.
Rxf4 exd3 29. Rxf5 Qg4 30. Qxd3 Qh3+ 31. Ke2 Rde8+ 32. Kd2 Rg7 33. Qf3 h6 34.
Nd4 Re5 35. Qf4 Rxf5 36. Nxf5 Rg5 37. Qd4+ Kh7 38. Qa7+ Kh8 39. Qd4+ Kh7 40.
Qa7+ Kh8 41. Qd4+ 1/2-1/2

[Event "XXXIV Festival Conca della Presolana Magistrale"]
[Site "Bratto - Castione della Presolana ITA"]
[Date "2014.08.25"]
[Round "4"]
[White "Cattaneo, Marco"]
[Black "Janev, Evgeni"]
[WhiteElo "2151"]
[BlackElo "2439"]
[Result "0-1"]
[PlyCount "80"]
[EventDate "2014.08.22"]

1. d4 d6 2. Nf3 g6 3. c4 Bg7 4. Nc3 Nf6 5. e4 O-O 6. Be2 Bg4 7. Be3 Nc6 8. d5
Bxf3 9. Bxf3 Ne5 10. Be2 c6 11. O-O Qa5 12. f4 Ned7 13. a3 cxd5 14. cxd5 Rfc8
15. Bd4 Ne8 16. Bg4 Bxd4+ 17. Qxd4 Nef6 18. Bxd7 Nxd7 19. e5 Qb6 20. Qxb6 Nxb6
21. exd6 exd6 22. Rae1 Re8 23. Kf2 Nc4 24. Nd1 Kg7 25. Rxe8 Rxe8 26. Re1 Rxe1
27. Kxe1 Kf6 28. Ke2 Kf5 29. Kf3 h5 30. h3 Nd2+ 31. Ke2 Nc4 32. Ne3+ Nxe3 33.
Kxe3 h4 34. Kf3 f6 35. g4+ hxg3 36. Kxg3 Ke4 37. Kg4 Kxd5 38. h4 Ke6 39. f5+
gxf5+ 40. Kf4 d5 0-1

[Event "XXXIV Festival Conca della Presolana Magistrale"]
[Site "Bratto - Castione della Presolana ITA"]
[Date "2014.08.25"]
[Round "4"]
[White "Cebalo, Miso"]
[Black "Steingrimsson, Hedinn"]
[WhiteElo "2401"]
[BlackElo "2536"]
[Result "0-1"]
[PlyCount "80"]
[EventDate "2014.08.22"]

1. d4 d5 2. Nf3 Nf6 3. c4 e6 4. Nc3 c6 5. Bg5 h6 6. Bxf6 Qxf6 7. e3 g6 8. Bd3
Bg7 9. O-O O-O 10. Qc2 dxc4 11. Bxc4 Nd7 12. Ne4 Qe7 13. Bb3 e5 14. Ng3 Kh8 15.
Rad1 Re8 16. h3 e4 17. Nd2 f5 18. Nc4 Nf8 19. Ne2 Be6 20. Na5 Rab8 21. Nf4 Bxb3
22. Qxb3 Red8 23. Rc1 h5 24. Rfd1 h4 25. d5 cxd5 26. Nxd5 Qe5 27. Rd2 Rd7 28.
Nc4 Qe8 29. Rcd1 Qf7 30. Nc3 Rbd8 31. Rd6 a6 32. Qb4 b5 33. Rxd7 Rxd7 34. Rxd7
Qxd7 35. Na5 Qd2 36. Qe7 Qe1+ 37. Kh2 Qxf2 38. Nd5 Qg3+ 39. Kh1 Qe1+ 40. Kh2
Qxa5 0-1

[Event "XXXIV Festival Conca della Presolana Magistrale"]
[Site "Bratto - Castione della Presolana ITA"]
[Date "2014.08.25"]
[Round "4"]
[White "Ceccarini, Marco"]
[Black "Attuati, Stefano"]
[WhiteElo "2094"]
[BlackElo "2006"]
[Result "1/2-1/2"]
[PlyCount "39"]
[EventDate "2014.08.22"]

1. e4 Nf6 2. e5 Nd5 3. Nc3 e6 4. d4 d6 5. Nf3 Nc6 6. Bb5 Bd7 7. Nxd5 exd5 8.
O-O dxe5 9. Bxc6 bxc6 10. Nxe5 Be7 11. Bf4 O-O 12. Qf3 f6 13. Nxd7 Qxd7 14.
Rfe1 Rab8 15. b3 Bd6 16. Re2 Rbe8 17. Bxd6 cxd6 18. Rae1 f5 19. Kf1 Re4 20. Qd3
1/2-1/2

[Event "XXXIV Festival Conca della Presolana Magistrale"]
[Site "Bratto - Castione della Presolana ITA"]
[Date "2014.08.25"]
[Round "4"]
[White "Cugini, Verter"]
[Black "Ranfagni, Stefano"]
[WhiteElo "2079"]
[BlackElo "2042"]
[Result "1-0"]
[PlyCount "93"]
[EventDate "2014.08.22"]

1. e4 e6 2. d4 d5 3. Nd2 Nf6 4. e5 Nfd7 5. Bd3 c5 6. c3 Nc6 7. Ne2 cxd4 8. cxd4
f6 9. Nf4 Nxd4 10. Qh5+ Ke7 11. Ng6+ hxg6 12. exf6+ Nxf6 13. Qxh8 Kf7 14. O-O
e5 15. Nf3 Nxf3+ 16. gxf3 Bf5 17. Rd1 Qb6 18. Qh4 Qb4 19. Qxb4 Bxb4 20. Bg5 Ke6
21. Rac1 Bd6 22. Bc2 Bxc2 23. Rxc2 d4 24. f4 Kf5 25. fxe5 Bxe5 26. Bh4 Ne4 27.
Bg3 Nxg3 28. hxg3 Rd8 29. Rcd2 g5 30. Kf1 g4 31. Ke2 Ke4 32. Rd3 Rc8 33. Kd2
Bf6 34. Re1+ Kd5 35. Rb3 b6 36. Rb5+ Rc5 37. Rxc5+ bxc5 38. b3 a5 39. Kd3 a4
40. Re4 c4+ 41. bxc4+ Kc5 42. a3 Kd6 43. Rxg4 Ke5 44. Re4+ Kf5 45. c5 g5 46. c6
Bd8 47. Rxd4 1-0

[Event "XXXIV Festival Conca della Presolana Magistrale"]
[Site "Bratto - Castione della Presolana ITA"]
[Date "2014.08.25"]
[Round "4"]
[White "David, Alberto"]
[Black "Castaldo, Folco"]
[WhiteElo "2565"]
[BlackElo "2436"]
[Result "1-0"]
[PlyCount "93"]
[EventDate "2014.08.22"]

1. e4 d6 2. d4 Nf6 3. f3 d5 4. Nc3 dxe4 5. Bg5 h6 6. Bh4 e3 7. Qd3 e6 8. Bxf6
Qxf6 9. O-O-O Bd6 10. Ne4 Qe7 11. Qxe3 Nd7 12. f4 Nf6 13. g3 Bd7 14. Bg2 a5 15.
Nxf6+ gxf6 16. Nf3 Bc6 17. Rhe1 O-O-O 18. c4 b6 19. c5 bxc5 20. d5 Bb7 21. Qc3
Rhg8 22. Bh3 Bxd5 23. Rxd5 Bxf4+ 24. Rd2 Bxd2+ 25. Nxd2 Rg5 26. Qxa5 Rd4 27.
Qa6+ Kd7 28. Nf3 Qd6 29. Qxd6+ cxd6 30. Nxd4 cxd4 31. Bg2 Ra5 32. a3 d5 33. Rf1
f5 34. Rf4 Ra4 35. Bf1 Kd6 36. Bd3 Ra7 37. Rxd4 e5 38. Rh4 e4 39. Rxh6+ Ke5 40.
Be2 d4 41. Rb6 d3 42. Bxd3 exd3 43. Kd2 Ke4 44. Rb4+ Kf3 45. Kxd3 Kg2 46. Rh4
Rb7 47. Kc2 1-0

[Event "XXXIV Festival Conca della Presolana Magistrale"]
[Site "Bratto - Castione della Presolana ITA"]
[Date "2014.08.25"]
[Round "4"]
[White "Franciosi, Fausto"]
[Black "Sharma, Dinesh K."]
[WhiteElo "2101"]
[BlackElo "2359"]
[Result "0-1"]
[PlyCount "66"]
[EventDate "2014.08.22"]

1. e4 e6 2. d3 d5 3. Nd2 Nf6 4. Ngf3 Bc5 5. Be2 dxe4 6. dxe4 Ng4 7. O-O Bxf2+
8. Rxf2 Ne3 9. Qe1 Nxc2 10. Qd1 Nxa1 11. b3 O-O 12. Bb2 Nxb3 13. Qxb3 b6 14.
Bc4 c5 15. Ne5 Qe7 16. Qg3 f6 17. Ng4 Nd7 18. Qc7 Re8 19. Qg3 Kh8 20. e5 f5 21.
Nf6 Rd8 22. Qh4 Nf8 23. g4 a6 24. gxf5 b5 25. Bxe6 Bxe6 26. fxe6 Qxe6 27. Nfe4
c4 28. Nd6 Kg8 29. N2e4 h6 30. Rg2 b4 31. Nxc4 Rd1+ 32. Kf2 Qf5+ 33. Ke2 Qf1+
0-1

[Event "XXXIV Festival Conca della Presolana Magistrale"]
[Site "Bratto - Castione della Presolana ITA"]
[Date "2014.08.25"]
[Round "4"]
[White "Garofalo, Pietro"]
[Black "Podini, Francesco"]
[WhiteElo "2073"]
[BlackElo "2031"]
[Result "1-0"]
[PlyCount "37"]
[EventDate "2014.08.22"]

1. b3 d5 2. e3 Nf6 3. Bb2 e6 4. f4 Be7 5. Nf3 O-O 6. d4 c5 7. Bd3 b6 8. Ne5 Ne4
9. Nd2 f6 10. Nxe4 fxe5 11. dxe5 Bb7 12. Ng3 d4 13. Qg4 Qd7 14. O-O-O Na6 15.
Bc4 Nc7 16. Nh5 Bd8 17. exd4 cxd4 18. Rxd4 Qe7 19. Nf6+ 1-0

[Event "XXXIV Festival Conca della Presolana Magistrale"]
[Site "Bratto - Castione della Presolana ITA"]
[Date "2014.08.25"]
[Round "4"]
[White "Gilevych, Artem"]
[Black "Czakon, Jakub"]
[WhiteElo "2362"]
[BlackElo "2474"]
[Result "1-0"]
[PlyCount "125"]
[EventDate "2014.08.22"]

1. d4 f5 2. Bg5 h6 3. Bh4 g5 4. e4 Nf6 5. e5 e6 6. Bg3 f4 7. exf6 Qxf6 8. Bd3
Nc6 9. Qh5+ Kd8 10. c3 d6 11. Ne2 fxg3 12. fxg3 Bd7 13. Rf1 Qg7 14. Nd2 Ne7 15.
O-O-O Nd5 16. Nc4 Be7 17. Qf3 Rb8 18. g4 Rf8 19. Qg3 Ba4 20. Rde1 Kd7 21. Ne3
Nf4 22. Nxf4 gxf4 23. Rxf4 Bh4 24. Qxh4 Rxf4 25. d5 e5 26. g3 Rf3 27. g5 Qxg5
28. Qxa4+ b5 29. Qe4 Rf2 30. Re2 Rf7 31. Kc2 a6 32. a4 bxa4 33. Qxa4+ Kd8 34.
Qe4 a5 35. Nf5 Rf6 36. Nd4 Ke8 37. Ne6 Qg8 38. Nxc7+ Ke7 39. Ne6 Qe8 40. Qc4
Qd7 41. Nd4 Kf8 42. Nc6 Ra8 43. b3 Qh3 44. Rd2 Qh5 45. Qe4 Qf7 46. Kb2 Qb7 47.
Qh7 Qxh7 48. Bxh7 Ke8 49. Bc2 Kd7 50. g4 Kc7 51. Rg2 Rf4 52. Ne7 a4 53. bxa4
Rb8+ 54. Kc1 Rf1+ 55. Kd2 Rb2 56. Nf5 h5 57. Ne3 Rf4 58. g5 h4 59. h3 Rf3 60.
g6 Rg3 61. Rxg3 hxg3 62. g7 Rb8 63. Bh7 1-0

[Event "XXXIV Festival Conca della Presolana Magistrale"]
[Site "Bratto - Castione della Presolana ITA"]
[Date "2014.08.25"]
[Round "4"]
[White "Gleizerov, Evgeny"]
[Black "Valenti, Giuseppe"]
[WhiteElo "2552"]
[BlackElo "2153"]
[Result "1-0"]
[PlyCount "43"]
[EventDate "2014.08.22"]

1. d4 d5 2. c4 e6 3. Nf3 Nf6 4. g3 Be7 5. Bg2 O-O 6. O-O b6 7. cxd5 exd5 8. Nc3
Bb7 9. Qc2 Nbd7 10. Bf4 a6 11. Rad1 Nh5 12. Bc1 Nhf6 13. Ne5 Bd6 14. Bg5 Be7
15. Qf5 c6 16. e4 g6 17. Qh3 Nxe5 18. dxe5 Nxe4 19. Bxe7 Qxe7 20. Nxe4 Qxe5 21.
Nc3 Rae8 22. Qh4 1-0

[Event "XXXIV Festival Conca della Presolana Magistrale"]
[Site "Bratto - Castione della Presolana ITA"]
[Date "2014.08.25"]
[Round "4"]
[White "Harshal, Shahi"]
[Black "Ricci, Marco"]
[WhiteElo "2159"]
[BlackElo "2061"]
[Result "1-0"]
[PlyCount "95"]
[EventDate "2014.08.22"]

1. e4 e5 2. Nf3 Nc6 3. Bc4 Bc5 4. c3 Nf6 5. d3 O-O 6. Bb3 d5 7. Qe2 a5 8. O-O
a4 9. Bc2 dxe4 10. dxe4 Qe7 11. h3 b6 12. Rd1 Ba6 13. Qe1 Bb7 14. Nbd2 Rfd8 15.
Nf1 Rxd1 16. Qxd1 Rd8 17. Qe2 Nb8 18. Ne3 Bc6 19. Nf5 Qe8 20. Bg5 Qe6 21. b4
Bf8 22. b5 Bb7 23. Nd2 h6 24. Bh4 g6 25. Ne3 Nbd7 26. Bxa4 Nc5 27. Bxf6 Qxf6
28. Bc2 Ne6 29. Ndc4 Nf4 30. Qf3 Qg5 31. Kh2 f5 32. g3 Ne6 33. h4 Qf6 34. Ng4
Qg7 35. Ngxe5 Nc5 36. Nc6 Bxc6 37. bxc6 fxe4 38. Bxe4 Re8 39. Bd5+ Kh7 40. h5
g5 41. Bf7 Rd8 42. Qf5+ Kh8 43. Ne5 Bd6 44. Ng6+ Kh7 45. Rd1 Bxg3+ 46. fxg3
Rxd1 47. Ne7+ Kh8 48. Qc8+ 1-0

[Event "XXXIV Festival Conca della Presolana Magistrale"]
[Site "Bratto - Castione della Presolana ITA"]
[Date "2014.08.25"]
[Round "4"]
[White "Kohlweyer, Bernd"]
[Black "Bonato, Mariano"]
[WhiteElo "2422"]
[BlackElo "2139"]
[Result "1/2-1/2"]
[PlyCount "101"]
[EventDate "2014.08.22"]

1. d4 d5 2. c4 e6 3. Nc3 Nf6 4. cxd5 exd5 5. Bg5 c6 6. e3 Be7 7. Qc2 O-O 8. Bd3
Nbd7 9. Nf3 h6 10. Bf4 Re8 11. h3 b6 12. O-O Bb7 13. Rad1 Nf8 14. Bh2 Bd6 15.
Ne5 N6d7 16. Nf3 Bxh2+ 17. Kxh2 g6 18. Kg1 Ne6 19. Rfe1 f5 20. Qa4 a6 21. Bf1
Ng5 22. Nxg5 Qxg5 23. g3 Re6 24. Ne2 Qe7 25. Nf4 Rf6 26. Bg2 g5 27. Nd3 Re6 28.
Qb3 Kg7 29. Rc1 a5 30. Rc3 Rf8 31. Rec1 Rg6 32. Kh2 Qd6 33. f4 Re6 34. Ne5 Nxe5
35. fxe5 Qd8 36. Rf1 Re7 37. Qc2 Ref7 38. Bf3 f4 39. gxf4 gxf4 40. Bh5 Rf5 41.
exf4 Qh4 42. Qg2+ Kh8 43. Bg4 Rxf4 44. Rcf3 Qg5 45. e6 Rxf3 46. Rxf3 Rxf3 47.
Qxf3 Qd2+ 48. Kg3 Qe1+ 49. Kg2 Qd2+ 50. Kg3 Qe1+ 51. Kg2 1/2-1/2